| 000 | 00922cam a2200277 a 4500 | ||
|---|---|---|---|
| 999 |
_c551 _d551 |
||
| 001 | 12762917 | ||
| 003 | OSt | ||
| 005 | 20190821165653.0 | ||
| 008 | 020502s2002 moua b 001 0 eng | ||
| 010 | _a 2002279911 | ||
| 020 | _a0323016782 | ||
| 040 |
_aDLC _cDLC _dDLC |
||
| 050 | 0 | 0 |
_aQR67 _b.B37 2002 |
| 082 | 0 | 0 |
_aQW 4 F46b 2002 _221 |
| 100 | 1 |
_aForbes, Betty A.; Sahm, Daniel F.; Weissfeld, Alice S. _91420 |
|
| 245 | 1 | 0 | _aBailey & Scott's Diagnostic Microbiology |
| 250 | _a11th ed. | ||
| 260 |
_aSt. Louis : _bMosby, _cc2002. |
||
| 300 |
_axvii, 1069 p. : _bill. (chiefly col.) ; _c29 cm. |
||
| 504 | _aIncludes bibliographical references and index. | ||
| 650 | 0 |
_aDiagnostic microbiology. _91421 |
|
| 650 | 1 | 2 |
_aMicrobiological Techniques. _9745 |
| 906 |
_a7 _bcbc _corigcop _d2 _encip _f20 _gy-gencatlg |
||
| 942 |
_2z _cSLOAN |
||